[Event "GER-ch international (Women)"]
[Site "Bodenmais"]
[Date "2017.07.31"]
[Round "3"]
[White "Aytacoglu, Yagmur"]
[Black "Samanci, Aynur"]
[Result "1/2-1/2"]
[WhiteElo "1428"]
[BlackElo "1327"]
[PlyCount "82"]
[EventDate "2017.07.29"]
[EventType "swiss"]
[EventRounds "9"]
[EventCountry "GER"]
[SourceTitle "EXT 2019"]
[Source "ChessBase"]
[SourceDate "2018.10.10"]
[SourceVersion "1"]
[SourceVersionDate "2018.10.10"]
[SourceQuality "1"]

1. c4 e5 2. Nc3 Nf6 3. g3 g6 4. Bg2 Bg7 5. Nf3 0-0 6. 0-0 Nc6 7. d3 d6 8. Be3 Be6 9. Qd2 Qd7 10. Bh6 Bh3 11. Bxg7 Kxg7 12. a3 Bxg2 13. Kxg2 Kg8 14. Kg1 Qe6 15. Rad1 Rfe8 16. Qe3 a6 17. d4 exd4 18. Qxe6 Rxe6 19. Nxd4 Nxd4 20. Rxd4 Rae8 21. Re1 Ne4 22. Nxe4 Rxe4 23. Rxe4 Rxe4 24. b3 f5 25. Kg2 Kf7 26. f3 Re5 27. g4 fxg4 28. fxg4 Re6 29. b4 c5 30. bxc5 dxc5 31. Kf2 b5 32. cxb5 axb5 33. Rc1 b4 34. axb4 cxb4 35. Rc7+ Kg8 36. Rc8+ Kf7 37. Rc7+ Kg8 38. Rc8+ Kf7 39. Rc7+ Kg8 40. Rc8+ Kf7 41. Rc7+ Kg8 1/2-1/2